Party and representation: legislative politics in Pennsylvania
Saved in:
| Hovedforfatter: | |
|---|---|
| Format: | Bog |
| Sprog: | engelsk |
| Udgivet: |
Nueva York
Atherton
1963
|
| Serier: | The American Political Science Association Series
|
| Fag: | |
| Tags: |
Tilføj Tag
Ingen Tags, Vær først til at tagge denne postø!
|
MARC
| LEADER | 00000nam a2200000 a 4500 | ||
|---|---|---|---|
| 001 | UCT8697 | ||
| 003 | CL-VaPUC | ||
| 008 | 970326e19630000US |||||||||||||||||eng|d | ||
| 082 | 0 | 4 | |a 324.274 |b SOR |2 21 |
| 100 | 0 | |a Sorauf, Frank, J |e author |9 380628 | |
| 245 | 1 | 0 | |a Party and representation: legislative politics in Pennsylvania |
| 300 | |a 178 p | ||
| 942 | |c BK | ||
| 945 | |d 19970326 00:00:00 |a paguirre | ||
| 260 | |a Nueva York |b Atherton |c 1963 | ||
| 650 | 0 | |a Partidos políticos |9 254999 | |
| 650 | 0 | |a Representación política |9 362081 | |
| 650 | 0 | |a Poder legislativo |9 258808 | |
| 650 | 0 | |a Votación |9 376129 | |
| 650 | 7 | |a ELECCIONES PARLAMENTARIAS |2 CL-VaPUC |9 380629 | |
| 651 | 7 | |a PENSILVANIA |2 CL-VaPUC |9 380630 | |
| 651 | 0 | |a Estados Unidos |9 255178 | |
| 583 | |a last modification |c 19970326 00:00:00 |k Rodrigo Vera | ||
| 490 | 0 | |a The American Political Science Association Series | |
| 999 | |c 257183 |d 257181 | ||
| 952 | |0 0 |1 0 |4 0 |6 324_274000000000000_SOR_1963 |7 0 |8 A |9 280455 |a BIBDER |b BIBDER |d 2019-11-19 |i 1815547 |o 324.274 SOR 1963 |p 1815547 |r 2023-01-25 |w 2019-11-19 |y BK |k DER | ||